En finir avec Eddy Bellegueule / (Record no. 7840)
[ view plain ]
| 000 -LEADER | |
|---|---|
| fixed length control field | 02026nam a22002297a 4500 |
| 001 - CONTROL NUMBER | |
| control field | 7840 |
| 003 - CONTROL NUMBER IDENTIFIER | |
| control field | FISKH |
| 005 - DATE AND TIME OF LATEST TRANSACTION | |
| control field | 20250811160616.0 |
| 008 - FIXED-LENGTH DATA ELEMENTS--GENERAL INFORMATION | |
| fixed length control field | 250811b cb ||||| |||| 00| 0 eng d |
| 020 ## - INTERNATIONAL STANDARD BOOK NUMBER | |
| International Standard Book Number | 9782021117707 |
| 040 ## - CATALOGING SOURCE | |
| Original cataloging agency | FISKH |
| Language of cataloging | eng |
| Transcribing agency | FISKH |
| Modifying agency | FISKH |
| 050 ## - LIBRARY OF CONGRESS CALL NUMBER | |
| Classification number | PQ2712.O895 E513 |
| 082 ## - DEWEY DECIMAL CLASSIFICATION NUMBER | |
| Classification number | 843.92 |
| 100 ## - MAIN ENTRY--PERSONAL NAME | |
| Personal name | Louis, Édouard |
| 245 ## - TITLE STATEMENT | |
| Title | En finir avec Eddy Bellegueule / |
| Statement of responsibility, etc. | By Édouard Louis |
| 260 ## - PUBLICATION, DISTRIBUTION, ETC. | |
| Place of publication, distribution, etc. | Paris : |
| Name of publisher, distributor, etc. | Seuil , |
| Date of publication, distribution, etc. | 2014. |
| 300 ## - PHYSICAL DESCRIPTION | |
| Extent | 219 pages : |
| Other physical details | illustrations ; |
| Dimensions | 21 cm . |
| 520 ## - SUMMARY, ETC. | |
| Summary, etc. | En finir avec Eddy Bellegueule était finaliste au Goncourt du premier roman, au prix du Livre Inter, au prix France Culture Télérama, au prix RTL Lire et au prix Orange du livre, et était en lice pour le prix Renaudot.Le premier roman d'un auteur de vingt-deux ans, d'une force et d'une maturité exceptionnelles.Élevé dans une famille ouvrière de Picardie, Eddy ne ressemble pas aux autres enfants. Sa manière de se tenir, son élocution, sa délicatesse lui valent de nombreuses humiliations et injures, tant par ses camarades de classe que par son père alcoolique et sa mère revêche. Lui-même finit par s’interroger sur cette homosexualité dont on le taxe avant même qu’il éprouve le moindre désir. Mais la véritable persécution ne vient-elle pas du conditionnement social ? Il parviendra à s’arracher à cette chape écrasante, qui donne au récit une allure zolienne, et à imposer sa personnalité en poursuivant des études de théâtre à Amiens, loin de l’enfer familial et villageois qu’il a connu. Ce texte, psychologiquement frappant, dresse un tableau saisissant d’un monde populaire brutal et sensiblement archaïque. Mais la finesse de l’auteur, par ailleurs sociologue, resitue dans un contexte social le drame familial qui aurait pu devenir une vraie tragédie individuelle. Comment échapper à la détermination ? Comment chaque être peut-il inventer sa liberté ? |
| 650 ## - SUBJECT ADDED ENTRY--TOPICAL TERM | |
| Topical term or geographic name entry element | Picardie |
| Form subdivision | French literature |
| 942 ## - ADDED ENTRY ELEMENTS (KOHA) | |
| Source of classification or shelving scheme | Dewey Decimal Classification |
| Koha item type | Books |
| Suppress in OPAC | No |
| Withdrawn status | Lost status | Source of classification or shelving scheme | Damaged status | Not for loan | Collection | Home library | Current library | Shelving location | Date acquired | Total Checkouts | Full call number | Barcode | Date last seen | Price effective from | Koha item type |
|---|---|---|---|---|---|---|---|---|---|---|---|---|---|---|---|
| Dewey Decimal Classification | Fiction | Footprints International School Library Network Toul Tom Poung Campus | Footprints International School Library Network Toul Tom Poung Campus | Librarian's Shelf TTP | 08/11/2025 | LOU 843.92 PQ2712.O895 E513 | 2025-4064 | 08/11/2025 | 08/11/2025 | Books |
